00346nam a2200145Ia 45000030006000000080041000060400015000471000023000622450022000852500006001072600050001133000006001635460014001690050017001830STCL150530s9999 xx 000 0 und d aSTCLcSTCL aBhaskaran Nair, K. aSamaskaralochanam a1 bMathrubhumi press; Kozhikodec1958aKozhikode a0 aMalayalam20220125171728.0